ბათუმის შოთა რუსთაველის სახელმწიფო უნივერსიტეტის ბიბლიოთეკა

Механическое свойства металлов. (ბიბ.ჩანაწერი № 50911)

000 -LEADER
fixed length control field 00635nam a2200217Ia 4500
001 - CONTROL NUMBER
control field 17866
003 - CONTROL NUMBER IDENTIFIER
control field GE_BSU
008 - FIXED-LENGTH DATA ELEMENTS--GENERAL INFORMATION
fixed length control field 181216s||||||||xx |||||||||||||| ||und||
040 ## - CATALOGING SOURCE
Transcribing agency GE_BSU
080 ## - UNIVERSAL DECIMAL CLASSIFICATION NUMBER
Universal Decimal Classification number 669.017
100 ## - MAIN ENTRY--PERSONAL NAME
Personal name Фридан,Я.Б.
245 ## - TITLE STATEMENT
Title Механическое свойства металлов.
245 ## - TITLE STATEMENT
Statement of responsibility, etc. Ред. Л.П.Рыжова.
250 ## - EDITION STATEMENT
Edition statement Изд. 3-е, перераб. и доп.
260 ## - PUBLICATION, DISTRIBUTION, ETC.
Place of publication, distribution, etc. М.
260 ## - PUBLICATION, DISTRIBUTION, ETC.
Name of publisher, distributor, etc. Машиностроение.
260 ## - PUBLICATION, DISTRIBUTION, ETC.
Date of publication, distribution, etc. 1974.
300 ## - PHYSICAL DESCRIPTION
Extent 472 стр с илл. 22 см.
653 ## - INDEX TERM--UNCONTROLLED
Uncontrolled term Механическое свойства металлов.
942 ## - ADDED ENTRY ELEMENTS (KOHA)
Koha item type წიგნი
ეგზემპლარები
Withdrawn status Lost status Damaged status Not for loan Date acquired Barcode Date last seen Price effective from Koha item type
        2018-12-17 10042 2018-12-17 2018-12-17 წიგნი